The particularities of business communication
The network of units having a mutually dependent relationship with one another and where the intermediate connections are characterized by cooperation and competitiveness, is called an organization. Business communication is a complex process. It is mainly a social and human interaction performed wi...
Elmentve itt :
| Szerző: | |
|---|---|
| Dokumentumtípus: | Cikk |
| Megjelent: |
Egyesület Közép-Európa Kutatására
Szeged
2014
|
| Sorozat: | Taylor : gazdálkodás- és szervezéstudományi folyóirat
6 No. 1-2 |
| Kulcsszavak: | Üzleti élet, Kommunikáció |
| Tárgyszavak: | |
| Online Access: | http://acta.bibl.u-szeged.hu/34587 |
| LEADER | 01797nab a2200217 i 4500 | ||
|---|---|---|---|
| 001 | acta34587 | ||
| 005 | 20260114110609.0 | ||
| 008 | 161017s2014 hu o 000 eng d | ||
| 022 | |a 2062-1396 | ||
| 040 | |a SZTE Egyetemi Kiadványok Repozitórium |b hun | ||
| 041 | |a eng | ||
| 100 | 1 | |a Mohácsi Márta | |
| 245 | 1 | 4 | |a The particularities of business communication |h [elektronikus dokumentum] / |c Mohácsi Márta |
| 260 | |a Egyesület Közép-Európa Kutatására |b Szeged |c 2014 | ||
| 300 | |a 5-11 | ||
| 490 | 0 | |a Taylor : gazdálkodás- és szervezéstudományi folyóirat |v 6 No. 1-2 | |
| 520 | 3 | |a The network of units having a mutually dependent relationship with one another and where the intermediate connections are characterized by cooperation and competitiveness, is called an organization. Business communication is a complex process. It is mainly a social and human interaction performed within an economic environment. Business communication is part of the human communication, comprehended as the information and energy exchange process between the human society and the members of the community. The English language literature mainly uses the terms corporate communication, business communication and managerial communication referring to the communication process within companies. Systemizing the business communication can be executed from multiple angles. This essay has the purpose of presenting and supporting, within the frames of a new communication model, the relationship between institution, scene and agent in the business information exchange process. | |
| 650 | 4 | |a Társadalomtudományok | |
| 650 | 4 | |a Közgazdasági és gazdálkodástudományok | |
| 695 | |a Üzleti élet, Kommunikáció | ||
| 856 | 4 | 0 | |u http://acta.bibl.u-szeged.hu/34587/1/vikek_014_015_005-011.pdf |z Dokumentum-elérés |